000 00867nam a22002417a 4500
005 20250415160935.0
008 250415b |||||||| |||| 00| 0 eng d
020 _a978-81-19857-90-6 (hbk)
037 _cTB
040 _aCRL
_cCRL
041 _2pun
_apun
084 _aDelta:864 153R4
_qCRL
100 _aਓਸ਼ੋਂ
245 _aਜਯੋਤਿਸ਼ ਵਿਗਯਾਨ
260 _aਪਟਿਆਲਾ, ਭਾਰਤ:
_bਆਟਮ ਆਰਟ,
_c2024.
300 _a110 ਪ.
365 _b195.00
_cINR
650 _aਅਧੀਆਤਮਵਾਦ
650 _aਜੋਤਿਸ਼ ਵਿਧ੍ਯਾ
700 _aਨੱਯਰ, ਵਿਕਾਸ (ਆਨੁਵਾਦਕ)
_9163423
942 _2CC
_cTB
_hDelta:864 153R4
_n0
999 _c1309025
_d1309025